| 000 | 01248naa a2200313 c 4500 | ||
|---|---|---|---|
| 001 | 50413 | ||
| 999 |
_c50413 _d50413 |
||
| 003 | ES-MaCES | ||
| 005 | 20171226110818.0 | ||
| 008 | 171226s2017 sp ||||| t||||||| ||spa d | ||
| 040 |
_aES-MaCES _bspa _cES-MaCES _dES-MaCES |
||
| 100 | 1 |
_913963 _aGorelli Hernández, Juan |
|
| 245 | 1 | 3 |
_aLa impugnación de convenios colectivos _b: efectos de la sentencia _cJuan Gorelli Hernández |
| 500 | _aResumen | ||
| 504 | _aBibliografía: p. 51-53 | ||
| 610 | 1 | 4 |
_93199 _aEspaña _d2011 _tLey reguladora de la jurisdicción social |
| 650 | 4 |
_928361 _aconvenio colectivo |
|
| 650 | 4 |
_928362 _anegociación colectiva |
|
| 650 | 4 |
_931120 _aimpugnación |
|
| 650 | 4 |
_929830 _aconflicto de derecho |
|
| 650 | 4 |
_929889 _aprocedimiento judicial |
|
| 650 | 4 |
_927165 _aderecho del trabajo |
|
| 650 | 4 |
_927166 _alegislación del trabajo |
|
| 650 | 4 |
_929888 _asentencia judicial |
|
| 650 | 4 |
_928624 _ajurisprudencia |
|
| 653 | 1 | 0 | _aDerecho del trabajo y Seguridad Social |
| 773 | 0 |
_986773 _dMadrid (Ignacio Ellacuría, 3, 28017) Civitas _o089669 _tNueva revista española de Derecho del trabajo _w(ES-MaCES)25060 _gn. 202 (oct. 2017) {10040 R. 089669} ;p. 23-53 |
|
| 902 | _aART Artículo de revista | ||
| 942 |
_2CES _cAR _h6.0.1. |
||